El fantasma de Canterville /
Es esta una deliciosa fábula en la que se mezclan el humor, la ternura, la fantasía y el drama. Oscar Wilde, su autor, nació en Dublín, Irlanda, en 1854, y murió en París, en 1900 [contratapa].
Guardado en:
| Autor principal: | |
|---|---|
| Otros Autores: | , |
| Formato: | Libro |
| Lenguaje: | Español Inglés |
| Publicado: |
Barcelona :
Genios,
2000.
|
| Colección: | Grandes Clásicos : Genios ;
13 |
| Materias: | |
| Aporte de: | Registro referencial: Solicitar el recurso aquí |
| LEADER | 01285nam a2200349 a 4500 | ||
|---|---|---|---|
| 001 | 87713 | ||
| 003 | AR-LpUBP | ||
| 005 | 20260511111453.0 | ||
| 007 | ta | ||
| 008 | 131120s2000 sp a br 000 0fsspa d | ||
| 020 | |a 9507820701 | ||
| 040 | |a AR-LpUBP |b spa |c AR-LpUBP |e aacr | ||
| 041 | 1 | |a spa |h eng | |
| 044 | |a sp | ||
| 080 | |a 82-053.2 |2 2000 | ||
| 080 | |a 82-93 |2 2000 | ||
| 100 | 1 | |a Wilde, Oscar, |d 1854-1900 |9 268 | |
| 245 | 1 | 3 | |a El fantasma de Canterville / |c Oscar Wilde. |
| 260 | |a Barcelona : |b Genios, |c 2000. | ||
| 300 | |a 45 p. : |b il. col. ; |c 27 cm. | ||
| 490 | 0 | |a Grandes Clásicos : Genios ; |v 13 | |
| 500 | |a ROJO | ||
| 520 | 3 | |a Es esta una deliciosa fábula en la que se mezclan el humor, la ternura, la fantasía y el drama. Oscar Wilde, su autor, nació en Dublín, Irlanda, en 1854, y murió en París, en 1900 [contratapa]. | |
| 650 | 7 | |a LITERATURA INFANTIL |9 3277 | |
| 650 | 7 | |a LITERATURA INGLESA |9 118952 | |
| 655 | 0 | |a NOVELAS |9 114688 | |
| 700 | 1 | |a Hartfiel, Claudia |e 010 |9 73074 | |
| 700 | 1 | |a Pez, |d 1963- |e 440 |9 40086 | |
| 942 | |c BK | ||
| 952 | |0 0 |1 0 |2 udc |4 0 |6 SI_8293N_WIL |7 0 |9 123466 |a DUN |b DUN |c SI |d 2023-07-10 |i 522352 |l 1 |m 2 |o SI 82-93-N WIL |p DUN522352 |r 2025-12-15 16:27:35 |s 2025-10-27 |w 2023-07-10 |y BK | ||
| 988 | |c 76 |d MARIA VICTORIA SOMOZA | ||
| 999 | |c 87713 |d 87713 | ||